| 000 | 00644nam a22002057a 4500 | ||
|---|---|---|---|
| 005 | 20170531154801.0 | ||
| 010 | _aENG-118488 | ||
| 020 |
_a9788185990866 _c300.00 |
||
| 035 | _aEN-102020 | ||
| 037 | _bDBAD/PUB | ||
| 082 | _a280 | ||
| 100 | _aGoel, Sita Ram | ||
| 245 |
_aCatholic Ashrams : _bsannyasins or swindlers ? / _cby Sita Ram Goel |
||
| 260 |
_aNew Delhi _bVoice Of India _c2009 |
||
| 270 | _a2/18, Ansari Road, New Delhi-110002 | ||
| 300 |
_axi, 296p _c22cm.(pbk) |
||
| 500 | _aIncludes bibliographical references and index | ||
| 505 | _a(Enlarged Edition With New Appendices) | ||
| 942 |
_2ddc _cEN _h280 _mGOE |
||
| 999 |
_c140625 _d140625 |
||